| 000 | 00341nam a22001337a 4500 | ||
|---|---|---|---|
| 020 | _qHB. | ||
| 040 | _cFIZZA ISHAQ | ||
| 082 |
_a693.5 _bMAR |
||
| 100 |
_aCHAPMAN,MARK. _9109519 |
||
| 245 |
_aCONCRETE CONSTRUCTION HANDBOOK / _cMARK CHAPMAN. |
||
| 260 |
_aNEW YORK ; _bSTATES ACADEMIC PRESS, _c2022. |
||
| 300 | _a317 P. ; | ||
| 942 |
_2ddc _cBK |
||
| 999 |
_c593425 _d593425 |
||